000 00673nam a2200241Ia 4500
008 180523s9999 xx 000 0 und d
020 _a981-247-149-9
050 _aMAIN HD 30.28
050 _b.W44 2004 c.2
100 _aWheelen, Thomas L.
245 0 _aStrategic management and business policy /
245 0 _cThomas L. Wheelen, J. David Hunger.
250 _a9th Edition
260 _aSingapore :
260 _bPearson Education South Asia,
260 _c2004
300 _aI-24 pages :
300 _billustrations ;
300 _c25 cm.
500 _aIncludes index.
650 _aStrategic planning.
650 _xStrategic planning -- Case studies.
999 _c356828
_d356828